000
00289nam a2200109Ia 4500
008
230907s9999||||xx |||||||||||||| ||und||
082
_a
697.93
_b
ASH
100
_a
John, David A.
_9
115769
245
0
_a
ASHRAE design guide for air terminal units :
300
_a
xi, 226 pages :
942
_c
BK
999
_c
599495
_d
599495